000 00399nam a2200157Ia 4500
008 240729s9999 xx 000 0 und d
022 _a1749-8546
245 0 _aChinese Medicine
260 _aUnited Kingdom
260 _bBMC
650 _a Other systems of medicine
650 _aMedicine
856 _uhttps://doaj.org/toc/fa260f46e91144cab66f03c023e2e459
942 _2ddc
942 _cDOAJEJ
999 _c74311
_d74311
945 _a1
_bMadushi Gamage
_c1
_dMadushi Gamage